00829nam a2200193 a 4500001001300000003000900013005001700022008004100039020001000080082001600090100001800106245006100124260004500185300000900230500003500239505001000274505033100284650002000615nice12345678IN_TiNIC20260116011314.0050524s1891 newa grp 000 0 eng  ac10000a296.09bSCH aSchurer, Emil aHistory of the Jewish People in the Time of Jesus Christ aNew YorkbCharles Scribner`s Sons,c1891 a465p aincludes index and biblioraphy2 aIndex2 aIndex00gV1.tHistory of the Jewish People in the Time of Jesus Christ.--gV2.tHistory of the Jewish People in the Time of Jesus Christ.--gV3.tHistory of the Jewish People in the Time of Jesus Christ.--gV4.tHistory of the Jewish People in the Time of Jesus Christ.--gV5.tHistory of the Jewish People in the Time of Jesu aJudaism-History